[Event "DOM-ch (Women)"]
[Site "Santo Domingo"]
[Date "2019.03.02"]
[Round "2"]
[White "Yege Pena, Ayesha Diane"]
[Black "Munoz Bonifacio, Julia Elena"]
[Result "0-1"]
[WhiteElo "1467"]
[BlackElo "1349"]
[PlyCount "102"]
[EventDate "2019.03.01"]
[EventType "swiss"]
[EventRounds "8"]
[EventCountry "DOM"]
[SourceTitle "CBM 189 Extra"]
[Source "ChessBase"]
[SourceDate "2019.06.03"]
[SourceVersion "1"]
[SourceVersionDate "2019.06.03"]
[SourceQuality "1"]

1. e4 e5 2. Nf3 Nc6 3. d4 Bd6 4. dxe5 Nxe5 5. Nxe5 Bxe5 6. f4 Bd6 7. Be3 f6 8. Nc3 a6 9. a3 b6 10. Qd2 Bb7 11. Bc4 Qe7 12. Bd5 c6 13. Ba2 Bc7 14. 0-0-0 0-0-0 15. Na4 c5 16. Bd5 Bc6 17. Nc3 Nh6 18. h3 Rhe8 19. Bxc6 dxc6 20. Qe2 b5 21. Qf2 Bb6 22. Rd2 Rxd2 23. Qxd2 Rd8 24. Qf2 Nf7 25. b4 cxb4 26. Bxb6 Rd7 27. axb4 Qxb4 28. Qc5 Qxc5 29. Bxc5 a5 30. Ne2 a4 31. Nd4 Kc7 32. Ne6+ Kc8 33. Nxg7 Nd8 34. Rd1 Rxg7 35. Bd4 Rf7 36. e5 f5 37. Bb6 Ne6 38. Rd6 Nxf4 39. e6 Re7 40. Bd8 Rxe6 41. Rxe6 Nxe6 42. Ba5 c5 43. c3 c4 44. Kd2 Nc5 45. Bb4 Nb3+ 46. Ke3 Kc7 47. Kf4 Nd2 48. Kxf5 Nb1 49. g4 a3 50. Bxa3 Nxa3 51. h4 b4 0-1

[Event "DOM-ch (Women)"]
[Site "Santo Domingo"]
[Date "2018.03.17"]
[Round "6"]
[White "Munoz Bonifacio, Julia Elena"]
[Black "Munoz Bonifacio, Julia Elena"]
[Result "0-1"]
[WhiteElo "1258"]
[BlackElo "1258"]
[PlyCount "108"]
[EventDate "2018.03.09"]
[EventType "swiss"]
[EventRounds "8"]
[EventCountry "DOM"]
[SourceTitle "CBM 183 Extra"]
[Source "ChessBase"]
[SourceDate "2018.04.19"]
[SourceVersion "1"]
[SourceVersionDate "2018.04.19"]
[SourceQuality "1"]

1. e4 e5 2. Nf3 Nc6 3. Bc4 Nf6 4. Nc3 Bc5 5. d3 d6 6. h3 Be6 7. Bb5 d5 8. Bxc6+ bxc6 9. exd5 cxd5 10. Nxe5 d4 11. Nb5 a6 12. Nxc7+ Qxc7 13. Bf4 0-0 14. 0-0 Rab8 15. Rb1 Bxa2 16. Ng6 Bd6 17. Bxd6 Qxd6 18. Nxf8 Qxf8 19. Rc1 Rxb2 20. c4 Qb4 21. c5 Nd5 22. Re1 Qb8 23. Qa4 Nf6 24. Qxa6 h6 25. c6 Qf4 26. Qc8+ Kh7 27. Rf1 Rb8 28. Qa6 Nd5 29. Qxa2 Nb4 30. Qe2 Rc8 31. Rc4 Nxc6 32. g3 Qf5 33. Kh2 Ne5 34. Rxc8 Nf3+ 35. Kg2 Ng5 36. g4 Qxc8 37. Qe5 Qa8+ 38. f3 Qd8 39. f4 Ne6 40. f5 Ng5 41. f6 g6 42. h4 Ne6 43. h5 Nf8 44. g5 Qd7 45. hxg6+ Nxg6 46. Qf5 Qe8 47. Rh1 Qe2+ 48. Kg3 h5 49. Rh2 Qe3+ 50. Kg2 Qe2+ 51. Kg3 Qd1 52. Qd7 Ne5 53. Qxd4 Qf3+ 54. Kh4 Ng6# 0-1

[Event "DOM-ch (Women)"]
[Site "Santo Domingo"]
[Date "2018.03.09"]
[Round "1"]
[White "Munoz Bonifacio, Julia Elena"]
[Black "Almanzar Vasquez, Jennifer Maria"]
[Result "0-1"]
[WhiteElo "1258"]
[BlackElo "1766"]
[PlyCount "52"]
[EventDate "2018.03.09"]
[EventType "swiss"]
[EventRounds "8"]
[EventCountry "DOM"]
[SourceTitle "CBM 183 Extra"]
[Source "ChessBase"]
[SourceDate "2018.04.19"]
[SourceVersion "1"]
[SourceVersionDate "2018.04.19"]
[SourceQuality "1"]

1. d4 Nf6 2. Nc3 d5 3. Bf4 a6 4. Nf3 Bf5 5. e3 e6 6. a3 Be7 7. Bd3 Bxd3 8. Qxd3 Nbd7 9. e4 dxe4 10. Nxe4 Nd5 11. Bg3 N7f6 12. 0-0 0-0 13. Rfe1 b5 14. b3 Nxe4 15. Rxe4 c5 16. Rg4 f5 17. Rf4 Nxf4 18. Bxf4 Bf6 19. Be5 Bxe5 20. Nxe5 Qxd4 21. Qxd4 cxd4 22. Re1 Rac8 23. c4 dxc3 24. Nd3 Rfd8 25. Nb4 c2 26. Nxc2 Rxc2 0-1